000 00438nam a2200181Ia 4500
001 8759
005 20260306160633.0
008 260306t2017||||xx |||||||||||||| ||spa||
041 _aESP
082 _a371.33
_bB61
100 _aBlázquez Entonado, Florentino
_eAUT
245 0 _aLa evaluación en la era digital
260 _c2017
300 _a191 páginas :
_c21 cm.
650 _aGEN
654 _aCED
942 _cLIB
_dJUS
_fJUS
_2ddc
_n
999 _c8759
_d8759